| 000 | 00794 a2200241 4500 | ||
|---|---|---|---|
| 003 | OSt | ||
| 005 | 20180116192327.0 | ||
| 008 | 120508t xxu||||| |||| 00| 0 eng d | ||
| 010 | _a 84051307 | ||
| 020 | _a0500200726 (pbk.) : | ||
| 040 | _c0 | ||
| 082 | 0 | 0 | _a724 |
| 100 | 1 |
_aPevsner, Nikolaus, _91225 |
|
| 245 | 1 | 4 |
_aThe sources of modern architecture and design / _cNikolaus Pevsner. |
| 260 |
_aNew York, N.Y. : _bThames and Hudson, _c1985, c1968. |
||
| 300 |
_a216 p. : _bill. (some col.) ; _c21 cm. |
||
| 440 | 0 |
_aWorld of art _91226 |
|
| 500 | _aIncludes index. | ||
| 650 | 0 |
_aArchitecture, Modern _y19th century. _91227 |
|
| 650 | 0 |
_aArchitecture, Modern _y20th century. _91228 |
|
| 942 |
_aSADA _cBK _k724 PEV 1985 _2ddc |
||
| 999 |
_c352231 _d352231 |
||